000 00547nam a22002057a 4500
003 OSt
005 20140310183037.0
008 130220t xxu||||| |||| 00| 0 eng d
020 _a9714203341
050 _aQH 320
_b.P398 2003
082 _aFIL 574
_bB29 2003
245 _aBasic Concepts in Biology
_cPenecilla, Gerard L. [et.al]
260 _aBulacan :
_bTrinitas Pub.,
_c2003
300 _a291[7] p.
_bill
_c25.3 cm.
521 _acollege students
526 _c1210L-1700L
541 _j1
562 _e1
942 _2lcc
_cBK
_kFIL
999 _c18500
_d18500